000 00809nam a2200265 i 4500
003 OSt
005 20260601171018.0
008 260508b1996\\\\xxua||||\||||\00|\0\eng\d
020 _a9728127316
040 _aICI
_bspa
_cICI
_erda
041 _aeng
050 _aHM751
_b.V46 1996
100 _eautor
245 _aVenha mergulhar no futuro.
250 _a1a edición.
336 _2rdacontent
_atexto
337 _2rdamedia
_asin medio
338 _2rdacarrier
_avolumen
520 _aLibro que presenta análisis y proyecciones sobre el futuro, explorando tendencias tecnológicas, sociales y económicas.
650 _aFuturo (Predicción y prospectiva)
_934321
650 _aDesarrollo tecnológico
650 _aCambio social
_922757
650 _aSociedad y ciencia
_934323
942 _2lcc
_cB
_n1
999 _c20787
_d20787